000
00381nam a2200133Ia 4500
008
151001s9999||||xx |||||||||||||| ||und||
100
_a
गजानन जागीरदार
245
_a
पाऊलखुणा
250
_a
1
260
_b
मॅजेस्टीक प्रकाशन मुंबई
260
_c
1986
300
_a
260
365
_b
21
999
_c
965673
_d
965670